000 00461nam a2200181Ia 4500
008 240925s9999 xx 000 0 und d
020 _aNA
082 _a537 RAY
100 _aRaychaudhuri, A.K.
245 0 _aClassical theory of Electricity and Magnetism
250 _aNA
260 _aOxford:
_bOxford University
_c,1990.
300 _a0
_bNA
_fNA
500 _aIncludes Index
600 _aHumanities & Natural Science
650 _aPhysics
942 _cBK
999 _c3205
_d3205